000 01045nam a2200289 i 4500
001 8989
003 KOSZ 005
005 20250812063402.0
008 080821s1962 pl a g d 000 0 pol
015 _aPB 1963/190
040 _aWA N
_cWA N
_dKOSZ 005/RW
080 _a62(03)
100 1 _aChmielewski, Heliodor
_d(1911-1981)
_eAutor
245 1 0 _aIlustrowany słownik techniczny dla wszystkich.
_n[T. 2],
_pN-Z /
_cHeliodor Chmielewski, Ignacy Baran, Stefan Skupiński.
260 _aWarszawa :
_bWydawnictwa Naukowo-Techniczne,
_c1962.
300 _a234, [2] s. :
_bil. ;
_c18 cm.
380 _aKsiążki.
490 1 _aBiblioteka Powszechna
655 4 _aEncyklopedia
650 4 _aTechnika
700 1 _aBaran, Ignacy.
_eAutor
700 1 _aSkupiński, Stefan
_eAutor
710 2 _aWydawnictwa Naukowo-Techniczne
_4pbl.
830 0 _aBiblioteka Powszechna
856 _uhttp://koha.tu.koszalin.pl/cgi-bin/koha/opac-detail.pl?biblionumber=8989
_yKatalog online BPK
942 _2UKD
_cKS
999 _c8989
_d8989